Studien zu Adriaen van de Velde (1636 - 1672)

Gespeichert in:
Bibliographische Detailangaben
VerfasserIn: Frensemeier, Marietta (VerfasserIn)
Dokumenttyp: Hochschulschrift Buch
Sprache:German
Veröffentlicht: Aachen : Shaker , 2001
Schriftenreihe:Berichte aus der Kunstgeschichte
Schlagwörter:
Online Zugang:Inhaltsverzeichnis
Rezension
Rezension
Rezension
Inhaltsverzeichnis
Bibliogr. Hinweis:Rezensiert in: [Rezension von: Marietta Frensemeier, Studien zu Adriaen van de Velde (1636-1672)]
Verantwortlich:Marietta Frensemeier
LEADER 04229cam a2200913 c 4500
001 329977830
003 DE-627
005 20260421130208.0
007 tu
008 010606s2001 gw ||||| m 00| ||ger c
015 |a 01,N24,0531  |2 dnb 
015 |a 01,A33,1282  |2 dnb 
016 7 |a 961556706  |2 DE-101 
020 |a 3826588320  |q kart. : DM 98.00, sfr 98.00, S 689.00  |9 3-8265-8832-0 
035 |a (DE-627)329977830 
035 |a (DE-603)098723359 
035 |a (DE-576)094255652 
035 |a (DE-599)GBV329977830 
035 |a (OCoLC)722486100 
035 |a (OCoLC)881750049 
035 |a (OCoLC)48186636 
035 |a (OCoLC)248098371 
040 |a DE-627  |b ger  |c DE-627  |e rakwb 
041 |a ger 
044 |c XA-DE  |c XA-NL 
050 0 |a ND653.V414 
050 0 |a ND653.V414 
084 |a 03  |a 46  |2 sdnb 
084 |a 46  |a 03  |2 sdnb 
084 |a 9,10  |2 ssgn 
084 |a LI 92150  |2 rvk  |0 (DE-625)rvk/97336: 
084 |a 20.31  |2 bkl 
084 |a 21.02  |2 bkl 
100 1 |a Frensemeier, Marietta  |4 aut 
245 1 0 |a Studien zu Adriaen van de Velde (1636 - 1672)  |c Marietta Frensemeier 
263 |a kart. : DM 98.00, sfr 98.00, S 689.00 
264 1 |a Aachen  |b Shaker  |c 2001 
300 |a 292 S  |b zahlr. Ill  |c 21 cm 
336 |a Text  |b txt  |2 rdacontent 
337 |a ohne Hilfsmittel zu benutzen  |b n  |2 rdamedia 
338 |a Band  |b nc  |2 rdacarrier 
490 0 |a Berichte aus der Kunstgeschichte 
502 |a Zugl.: Bonn, Univ., Diss., 1998 
583 1 |a Archivierung/Langzeitarchivierung gewährleistet  |f SSG  |x XA-DE-BW  |2 pdager  |5 DE-16 
583 1 |a Archivierung prüfen  |c 20240324  |f DE-4165  |z 3  |2 pdager 
600 1 7 |0 (DE-588)123032296  |0 (DE-627)343767740  |0 (DE-576)214566862  |a Velde, Adriaen van de  |d 1636-1672  |2 gnd 
600 1 4 |a Velde, Adriaen van de <1636-1672> 
600 1 4 |a Velde, Adriaen van de <1636-1672>  |x Catalogs 
655 7 |a Werkverzeichnis  |0 (DE-588)4189680-4  |0 (DE-627)104464909  |0 (DE-576)210061456  |2 gnd-content 
655 7 |a Hochschulschrift  |0 (DE-588)4113937-9  |0 (DE-627)105825778  |0 (DE-576)209480580  |2 gnd-content 
689 0 0 |d p  |0 (DE-588)123032296  |0 (DE-627)343767740  |0 (DE-576)214566862  |a Velde, Adriaen van de  |d 1636-1672  |2 gnd 
689 0 |5 DE-101 
689 1 0 |d p  |0 (DE-588)123032296  |0 (DE-627)343767740  |0 (DE-576)214566862  |a Velde, Adriaen van de  |d 1636-1672  |2 gnd 
689 1 |5 DE-101 
689 2 0 |d p  |0 (DE-588)123032296  |0 (DE-627)343767740  |0 (DE-576)214566862  |a Velde, Adriaen van de  |d 1636-1672  |2 gnd 
689 2 |5 (DE-627) 
689 3 0 |d p  |0 (DE-588)123032296  |0 (DE-627)343767740  |0 (DE-576)214566862  |a Velde, Adriaen van de  |d 1636-1672  |2 gnd 
689 3 |5 (DE-627) 
700 1 |a Velde, Adriaen van de  |d 1636-1672  |0 (DE-588)123032296  |0 (DE-627)343767740  |0 (DE-576)214566862  |4 oth 
751 |a Bonn  |0 (DE-588)4007666-0  |0 (DE-627)106372270  |0 (DE-576)208871632  |4 uvp 
787 0 8 |i Rezensiert in  |a Büttner, Nils, 1967 -   |t [Rezension von: Marietta Frensemeier, Studien zu Adriaen van de Velde (1636-1672)]  |d 2003  |w (DE-627)1920618031 
856 4 2 |u http://d-nb.info/961556706/04  |m B:DE-101  |q pdf/application  |v 20161126003402  |x Verlag  |3 Inhaltsverzeichnis  |7 1 
856 4 2 |u https://swbplus.bsz-bw.de/bsz094255652rez.htm  |m B:DE-576;DE-16  |q application/pdf  |v 20081106095722  |x Verlag  |3 Rezension  |7 1 
856 4 2 |u http://www.sehepunkte.de/2003/02/3200.html  |m V:DE-576;X:Sehepunkte  |q text/html  |v 20180424113608  |3 Rezension  |7 1 
856 4 2 |u http://scans.hebis.de/HEBCGI/show.pl?09872335_rez.pdf  |m V:DE-576;B:DE-16  |q application/pdf  |3 Rezension  |7 1 
856 4 2 |u http://scans.hebis.de/HEBCGI/show.pl?09872335_toc.pdf  |m V:DE-605  |q application/pdf  |3 Inhaltsverzeichnis  |7 1 
935 |i Blocktest 
936 r v |a LI 92150  |b Velde, Adriaen van de  |k Kunstgeschichte  |k Künstler-Monografien  |k Alphabetische Künstlerliste  |k Künstler V  |k Velde, Adriaen van de  |0 (DE-627)1271166127  |0 (DE-625)rvk/97336:  |0 (DE-576)201166127 
936 b k |a 20.31  |j Bildende Künstler  |0 (DE-627)181571080 
936 b k |a 21.02  |j Geschichte der Malerei  |0 (DE-627)106406698 
936 s n |a l300  |2 mzub 
936 s n |a a100  |2 mzub 
951 |a BO 
990 |a Velde, Adriaen van de 
990 |a Velde, Adriaen van de 
990 |a Velde, Adriaen van de 
990 |a Velde, Adriaen van de 
991 |a Rezensiertes Werk 
999 |a KXP-PPN329977830  |e 495565407X